00521nam a22001577a 450000500170000001000150001702000260003203500140005803700130007208200110008510000280009624500740012426000610019827000790025930000250033820220420142657.0 aENG-131875 a9789389253207c450.00 aEN-115407 bDBAD/PUB a880b1 aRajeevan, Thachom Poyil aThe man who learnt to fly but could not land/cThachom Poyil Rajeevan bHachette book Publishing India pvt. Ltd aGurugramc2020 a4th &5th Floors, Corporate Center plot no. 94 Sector 44,bGurugrame122003 avii,328p.c20cm(Pbk)